书目信息 |
| 题名: |
数据结构
|
|
| 作者: | 田鲁怀 , 姜吉顺 编著 | |
| 分册: | ||
| 出版信息: | 北京 电子工业出版社 2016 |
|
| 页数: | 380页 | |
| 开本: | 26cm | |
| 丛书名: | ||
| 单 册: | ||
| 中图分类: | TP311.12 | |
| 科图分类: | ||
| 主题词: | 数据结构--教材--高等教育 | |
| 电子资源: | ||
| ISBN: | 978-7-121-27693-4 | |
| 000 | 00949nam0 2200253 450 | |
| 001 | 4059 | |
| 005 | 20161212165011.48 | |
| 010 | @a978-7-121-27693-4@dCNY49.00 | |
| 100 | @a20160218d2016 em y0chiy50 ea | |
| 101 | 0 | @achi |
| 102 | @aCN@b110000 | |
| 105 | @ay z 000yy | |
| 200 | 1 | @a数据结构@9shu ju jie gou@f田鲁怀,姜吉顺编著 |
| 205 | @a2版 | |
| 210 | @a北京@c电子工业出版社@d2016 | |
| 215 | @a380页@d26cm | |
| 300 | @a普通高等教育“十一五”国家级规划计教材 计算机类本科规划教材 | |
| 330 | @a本书共分为10章,内容包括:数据结构的概念,几种基本的线性结构(如线性表),栈和队列,串,几种非线性结构(如多维数组和广义表),树,图,常用的数据处理技术(如排序),查找,文件的存储结构和组织方法等。 | |
| 606 | 0 | @a数据结构@j教材@x高等教育 |
| 690 | @aTP311.12@v5 | |
| 701 | 0 | @a田鲁怀@9tian lu huai@4编著 |
| 701 | 0 | @a姜吉顺@9jiang ji shun@f(1963~)@4编著 |
| 801 | 0 | @aCN@b大连网信软件有限公司图书馆·11@c20161212 |
| 905 | @aZUCC@dTP311.12@e1050=2 | |
| 数据结构/田鲁怀,姜吉顺编著.-2版.-北京:电子工业出版社,2016 |
| 380页;26cm |
| 普通高等教育“十一五”国家级规划计教材 计算机类本科规划教材 |
| ISBN 978-7-121-27693-4:CNY49.00 |
| 本书共分为10章,内容包括:数据结构的概念,几种基本的线性结构(如线性表),栈和队列,串,几种非线性结构(如多维数组和广义表),树,图,常用的数据处理技术(如排序),查找,文件的存储结构和组织方法等。 |
| ● |
| 相关链接 |
|
|
|
|
正题名:数据结构
索取号:TP311.12/1050=2
 
预约/预借
| 序号 | 登录号 | 条形码 | 馆藏地/架位号 | 状态 | 备注 |
| 1 | 907797 | 209077979 | 第二样本阅览室/ [索取号:TP311.12/1050=2] | 在馆 | |
| 2 | 907798 | 209077988 | 第三借阅区/ [索取号:TP311.12/1050=2] | 在馆 | |
| 3 | 907799 | 209077997 | 第三借阅区/ [索取号:TP311.12/1050=2] | 在馆 | |
| 4 | 907800 | 209078004 | 第三借阅区/ [索取号:TP311.12/1050=2] | 在馆 | |
| 5 | 907801 | 209078013 | 密集书库—计算机科学学院/ [索取号:TP311.12/1050=2] | 在馆 |